Yaanarintha Paeraasaan - Karthigesu Sivathamby (Record no. 5808)
[ view plain ]
| 000 -LEADER | |
|---|---|
| fixed length control field | 00631nam a2200145Ia 4500 |
| 005 - DATE AND TIME OF LATEST TRANSACTION | |
| control field | 20250220033255.0 |
| 008 - FIXED-LENGTH DATA ELEMENTS--GENERAL INFORMATION | |
| fixed length control field | 240331s9999 xx 000 0 und d |
| 082 ## - DDC Classification | |
| Item Number - Author Mark | NAH |
| DDC Edition Number | 6810 |
| Class No. | 950 |
| 100 ## - MAIN ENTRY--PERSONAL NAME | |
| Personal name | Nahiya, A. M |
| 245 #0 - TITLE STATEMENT | |
| Title | Yaanarintha Paeraasaan - Karthigesu Sivathamby |
| 260 ## - PUBLICATION, DISTRIBUTION, ETC. | |
| Place of publication, distribution, etc. | Dehiwela |
| Name of publisher, distributor, etc. | Colombo Branch of the Old Students' Association of Vigneswara College, Karaveddy |
| Date of publication, distribution, etc. | 2012 |
| 300 ## - PHYSICAL DESCRIPTION | |
| Extent (e.g. Volumes, Pages etc.) | 48 p., |
| 500 ## - GENERAL NOTE | |
| General note | A remembrance for the late Professor Karthigesu Sivathamby by the Old Students' Association of his school, Vigneswara College, Karaveddy, honouring him for all the great things he has done in his life. |
| 942 ## - Koha item type (Biblio) | |
| Koha item type | Books in Stacks (Lending) |
| Lost status | Damaged status | Collection code | Home library | Current library | Shelving location | Date acquired | Full call number | Accession Number | Item type |
|---|---|---|---|---|---|---|---|---|---|
| Lending | WERC Library | WERC Library | Social Science Cupboard | 03/31/2024 | 950 NAH | 6810 | Books in Stacks (Lending) |
